000 00311nam a22001217a 4500
008 230703b xxu||||| |||| 00| 0 eng d
082 _a342.16
_bI618 1997
245 _aConstitutional & Parliamentary Information
260 _bInterparliamentary Union
_c1997
300 _a109p
440 _n173
942 _2ddc
_cBK
999 _c3216
_d3216